000 00700nam a2200229 u 4500
005 20240229063542.0
008 080625s2004 r 000 0 eng d
020 _a9871151314
035 _aUPN01000157613
049 _aI
050 4 _aPZ71
_bM6.62
100 1 _aMoyano, Liliana
_942777
245 1 0 _aNanas para bichos inquietos /
_cLiliana Moyano ; il. Ivana Myszkoroski.
260 _aCórdoba, Arg. :
_bComunicarte,
_cc2004.
300 _a[22] p. :
_bprincipalmente il. col.
440 0 _aVaquita de San Antonio
650 4 _aLiteratura infantil argentina
_97511
650 7 _aPoesía infantil
_2
_91259
700 1 _aMyszkoroski, Ivana,
_eil.
905 _aInfantil
999 _c129727
_d129727